Ο Αριστοφάνης και το θέατρο του παραλόγου

Αποθηκεύτηκε σε:
Λεπτομέρειες βιβλιογραφικής εγγραφής
Κύριος συγγραφέας: Cartledge, Paul
Άλλοι συγγραφείς: Ταχμαζίδου, Λένα (trlf), Κεκροπούλου, Μαρία (edtf)
Μορφή: Βιβλίο
Γλώσσα:Greek
English
Δημοσίευση: Αθήνα : Ενάλιος, 2006.
Σειρά:(Κλασικός κόσμος)
Θέματα:
Ετικέτες: Προσθήκη ετικέτας
Δεν υπάρχουν, Καταχωρήστε ετικέτα πρώτοι!

MARC

LEADER 00000cam a2200000 i 4500
001 1/68232
008 150303s2006 gr | ||| |||| ||gre||
035 |l 10121314 
040 |a GR-MyUa  |b gre  |e AACR2 
041 1 |a gre  |h eng 
082 7 |a 882.21   |2 (23) 
100 1 |a Cartledge, Paul. 
245 1 2 |a Ο Αριστοφάνης και το θέατρο του παραλόγου /   |c Πολ Κάρτλιτζ ; μετάφραση από τα αγγλικά Λένα Ταχματζίδου ; επιμέλεια Μαίρη Κεκροπούλου.  
260 |a Αθήνα :   |b Ενάλιος,   |c 2006.  
300 |a 143 σ. :   |b εικ. ;   |c 21 εκ. 
490 1 |a (Κλασικός κόσμος) 
500 |a Τίτλος πρωτοτύπου: Aristophanes and his theatre of the absurd. 
600 0 7 |2 nlgaf  |a Αριστοφάνης,   |d π. 450-π. 385. 
650 0 |a Greek drama (Comedy)  |x History and criticism. 
700 1 |a Ταχμαζίδου, Λένα,  |e trlf 
700 1 |a Κεκροπούλου, Μαρία,  |e edtf 
852 |a INST  |b SAMOS  |e 20150303  |h 882.21 CAR  |p 005300041885  |q 005300041885  |t BK  |y 0 
901 |a BIBL3-2015-1 
922 |a 3ΕΛΗ  |b 201405  |c ΤΣΑΧΜ  |d BEST BOOK HUNTERS 
970 |a ΚΟΣΙΕΡΗΣ  |b ΧΡΗΣΤΟΣ  |z 2015/03/03